000
00318 a2200109 4500
001
ART_56562
005
20260410161635.0
008
260409a
245
1
0
_a
Cómo gestionar costos en la práctica empresarial.
100
1
_a
Smolje, Alejandro R.
773
0
_t
Enfoques
_g
- N° 7 (jul. 2022)
_w
REV416
999
_c
12772
_d
12772